| 000 | 00583nam a2200193Ia 4500 | ||
|---|---|---|---|
| 001 | 8079 | ||
| 003 | GE_BSU | ||
| 008 | 181216s||||||||xx |||||||||||||| ||und|| | ||
| 040 | _cGE_BSU | ||
| 080 | _a624.014 | ||
| 100 | _aКоляков,М.И. Медведев,М.И. | ||
| 245 | _aМеталлические каркасы гражданских зданий. | ||
| 260 | _aКиев. | ||
| 260 | _bБудiвельник. | ||
| 260 | _c1976. | ||
| 300 | _a132стр.19см. | ||
| 653 | _aМеталлические каркасы гражданских зданий. | ||
| 942 | _cBK | ||
| 999 |
_c41417 _d41417 |
||